000 01430nam a22002417a 4500
003 OSt
005 20240229074004.0
008 20207b ||||| |||| 00| 0 spa d
020 _a9789945230000
040 _aDO-SdBNP
_bspa
_cBNPHU
082 4 _a372.10424
_bS127i
100 1 _a Sáez , José Luis
_d1937-
_9620
245 1 _aInstituto Politécnico Loyola sesenta y siete años después :
_bla vida y peripecias de una escuela modelo /
_cJosé Luis Sáez, S.J.
260 _aSan Cristóbal, Repúblico Dominicana :
_bInstituto Politecnico Loyola,
_c2020
300 _a296 p. ;
_c29 cm
505 _tPresentación por el ingeniero Hipólito Mejía - 6
_t Introducción bibliográfica - 9
_t Principales siglas empleadas -24
_t Introducción - 26
_tGénesis de un proyecto de educación nueva (1951 - 1953) - 29
_tLos esperados primeros frutos (1954-1958) - 45
_tCrisis y enfrentamiento (1959 - 1961) - 59
_t El largo camino de la estabilidad (1962 - 1974) - 69
_t Veinte años después (1974-1993) - 85
_tVocación de crecimiento (2000-2018) -97
_t Apéndice documental - 109.
590 _aInventariado, 2021 / DG
610 2 4 _aInstituto Politécnico Loyola
_zSan Cristóbal (República Dominicana)
_977870
650 4 _aEducación agrícola
_zRepública Dominicana
_919698
650 4 _aEducación tecnológica
_zRepública Domincana
_977871
910 _aInventariado, 2021 / DG/Validado. Control de calidad MFF
942 _2ddc
_cLBS1
999 _c49392
_d49392